000 00325nam a2200145 i 4500
001 bg
100 1 _aWOLSKI, Z.
245 0 _aRoboty malarskie w budownictwie /
_cZ. Wolski.
250 _aWyd.2.
260 _aWarszawa,
_c1980.
040 _cBPK
041 _apol
942 _cKS
008 s pl f |000 0 pol
999 _c5286
_d5286
856 _uhttp://koha.tu.koszalin.pl/cgi-bin/koha/opac-detail.pl?biblionumber=5286
_yKatalog online BPK